MARC

LEADER 00000nam0a2200000 4500
001 192845
005 20231031181535.0
010 |a 5110016917 
020 |a RU  |b 90-66923 
035 |a (RuTPU)RU\TPU\book\210275 
090 |a 192845 
100 |a 20110310d1990 k y0rusy5003 ca 
101 0 |a rus 
102 |a UA 
105 |a y z 001zy 
200 1 |a Современный экономический консерватизм: переоценка ценностей или повторение прошлого?  |f В. Г. Бодров 
210 |a Киев  |c Лыбидь  |d 1990 
215 |a 132 с.  |c ил.  |d 20 см 
320 |a Библиогр. в примеч.: с. 123-131. 
610 1 |a экономический консерватизм 
610 1 |a неоконсерватизм 
610 1 |a буржуазное общество 
610 1 |a идейно-политическая структура 
610 1 |a командная экономика 
610 1 |a рыночная трансформация 
610 1 |a проблемы 
610 1 |a монографии 
686 |a У018  |v LBC/SL-A  |2 rubbk 
700 1 |a Бодров  |b В. Г.  |g Владимир Григорьевич  |4 070 
801 0 |a RU  |b RuMRKP  |c 19950417  |g psbo 
801 1 |a RU  |b 63413507  |c 20110310 
801 2 |a RU  |b 63413507  |c 20110317  |g RCR 
942 |c BK